Statistics for Countries With The Least Immigrants

Click here to take the quiz!

General Stats

  • This quiz has been taken 52 times
  • The average score is 6 of 19

Answer Stats

Percentage Of PopulationImmigrants% Correct
0.2North Korea
89%
0.1China
57%
0.4Afghanistan
55%
0.1Myanmar
43%
0.4India
41%
0.3Somalia
34%
0.4Papua New Guinea
32%
0.2Haiti
30%
0.1Vietnam
30%
0.0Cuba
27%
0.1Indonesia
25%
0.3Lesotho
25%
0.1Madagascar
25%
0.2Philippines
20%
0.2Sri Lanka
20%
0.4Honduras
18%
0.3Morocco
16%
0.4Solomon Islands
16%
0.4Brazil
11%

Score Distribution

Percentile by Number Answered

Percent of People with Each Score

Your Score History

You have not taken this quiz